00961nam a22002657i 4500003000900000005001700009008004100026040004300067041000800110082002000118245012600138264006300264300003100327336002400358337002800382338004300410500001900453504000800472546002000480650004700500650002000547710004500567710002600612856005700638EG-GICUC20260121101734.0260118s1980 us ||||frb|| 00|1|||eng d aEG-GiCUCcEG-GiCUCdEG-GiCUCeRdabeng aeng04221a341.48bBI 00aBibliography Of International Humanitarian Law Applicable In Armed Conflicts /cInternational Committee of the Red Cross. 1aGeneva :bInternational Committee of the Red Cross,c1980. axxxix, 389 pages ;c24 cm. 2rda contenua texte 2rda mediasaOrdinateur 2 transporteur rdaa Ressource en ligne aIncludes index a  aText in English14ahumanitarian lawxPublic international law14aArmed Conflicts 2aInternational Committee of the Red Cross 2aInstitut Henry-Dunant40uhttps://fll.law.cu.edu.eg/fulltext/bks/B11-06986.pdf